|
|
|
|
| LEADER |
00000cam a2200000 4500 |
| 001 |
vtls012013622 |
| 003 |
SK-MaSNL |
| 005 |
20260301224406.0 |
| 008 |
210208s2020 xr oa f n 001 0 cze |
| 020 |
|
|
|a 9788073456658
|q (viazané)
|
| 040 |
|
|
|a SNK
|b slo
|c SNK
|e rda
|
| 041 |
0 |
|
|a cze
|b eng
|
| 044 |
|
|
|a xr
|c CZ
|
| 072 |
|
7 |
|a 617
|x Ortopédia. Chirurgia. Oftalmológia
|2 konspekt
|
| 080 |
|
|
|a 617.7
|2 2011
|
| 080 |
|
|
|a 616-07
|2 2011
|
| 080 |
|
|
|a 616-08
|2 2011
|
| 080 |
|
|
|a (048.8:082)
|2 2011
|
| 080 |
|
|
|a 617.713
|2 2011
|
| 100 |
1 |
|
|a Studený, Pavel,
|d 1968-
|4 aut
|9 616567
|
| 245 |
1 |
0 |
|a Keratokonus
|c Pavel Studený a kolektiv
|
| 264 |
|
1 |
|a Praha
|b Maxdorf
|c [2020]
|
| 264 |
|
4 |
|c ©2020
|
| 300 |
|
|
|a 144 strán
|b fotografie, ilustrácie (prevažne farebné)
|c 24 cm
|
| 336 |
|
|
|a text
|b txt
|2 rdacontent
|
| 337 |
|
|
|a bez média
|b n
|2 rdamedia
|
| 338 |
|
|
|a zväzok
|b nc
|2 rdacarrier
|
| 490 |
1 |
|
|a Jessenius
|
| 490 |
1 |
|
|a Medica
|
| 500 |
|
|
|a Obsahuje prehľad použitých skratiek
|
| 504 |
|
|
|a Obsahuje bibliografiu za jednotlivými kapitolami a register
|
| 546 |
|
|
|a Anglické resumé
|
| 650 |
0 |
7 |
|a keratokonus
|2 SNKPH
|9 210047
|
| 650 |
0 |
7 |
|a očné choroby
|2 SNKPH
|9 1166
|
| 650 |
0 |
7 |
|a oftalmológia
|2 SNKPH
|9 910
|
| 650 |
0 |
7 |
|a diagnostika (medicína)
|2 SNKPH
|9 28740
|
| 650 |
0 |
7 |
|a terapia
|2 SNKPH
|9 781
|
| 650 |
0 |
7 |
|a Eye diseases
|2 SNKPHeng
|9 305697
|
| 650 |
0 |
7 |
|a Ophthalmology
|2 SNKPHeng
|9 268335
|
| 650 |
0 |
7 |
|a Medical diagnostics
|2 SNKPHeng
|9 268685
|
| 650 |
0 |
7 |
|a Therapy
|2 SNKPHeng
|9 267006
|
| 650 |
0 |
7 |
|a Keratoconus
|2 SNKPHeng
|9 616568
|
| 655 |
|
7 |
|a kolektívne monografie
|2 SNKPH
|9 249850
|
| 655 |
|
7 |
|a Collective monographs
|2 SNKPHeng
|9 125747
|
| 830 |
|
0 |
|a Jessenius
|9 315576
|
| 830 |
|
0 |
|a Medica
|9 296586
|
| 852 |
|
|
|a Slovenská národná knižnica
|
| 919 |
|
|
|a 978-80-7345-665-8
|
| 954 |
|
|
|a odborná, vedecká literatúra cudzojazyčná (svetová)
|2 lita
|
| 958 |
|
|
|a NB
|
| 999 |
|
|
|c 947021
|d 948951
|
| 952 |
|
|
|t snkSTU 617(048.8)
|a SNKUST
|b SNKUST
|y PREZ
|7 0
|p 17A1525952
|o snkIC 147451
|i snk2023/3831
|8 4
|g 19.45
|0 0
|1 0
|4 0
|d 2022-01-26
|l 0
|r 2025-05-28 00:00:00
|w 2026-02-24
|